|
|
|
|
| LEADER |
00000nam0a2200000 4500 |
| 001 |
234525 |
| 005 |
20231101231329.0 |
| 035 |
|
|
|a (RuTPU)RU\TPU\book\255649
|
| 090 |
|
|
|a 234525
|
| 100 |
|
|
|a 20130326d1897 k y0rusy50 ca
|
| 101 |
0 |
|
|a rus
|
| 102 |
|
|
|a RU
|
| 105 |
|
|
|a a z 000zy
|
| 200 |
1 |
|
|a Об оптическом строении граната из Евгение-Максимилиановских копей (с рисунком в тексте)
|f В. И. Воробьев
|
| 210 |
|
|
|a Санкт-Петербург
|c Типо-Литография К. Биркенфельда
|d 1897
|
| 215 |
|
|
|a 24 с.
|c ил.
|
| 606 |
1 |
|
|a Минералы
|x Оптические свойства
|2 stltpush
|3 (RuTPU)RU\TPU\subj\72202
|9 85773
|
| 610 |
1 |
|
|a гранаты
|
| 610 |
1 |
|
|a строение
|
| 610 |
1 |
|
|a месторождения
|
| 610 |
1 |
|
|a разновидности
|
| 610 |
1 |
|
|a шлифы
|
| 610 |
1 |
|
|a образования
|
| 610 |
1 |
|
|a пластинки
|
| 610 |
1 |
|
|a кристаллы
|
| 675 |
|
|
|a 549:53
|v 3
|
| 700 |
|
1 |
|a Воробьев
|b В. И.
|c российский минеролог
|f 1875-1907
|g Виктор Иванович
|2 stltpush
|3 (RuTPU)RU\TPU\pers\15022
|9 5124
|
| 801 |
|
1 |
|a RU
|b 63413507
|c 20130326
|
| 801 |
|
2 |
|a RU
|b 63413507
|c 20130425
|g RCR
|
| 942 |
|
|
|c BK
|